[Event "Belgrade Radnicki IM 06"]
[Site "Belgrade"]
[Date "2023.06.27"]
[Round "8"]
[White "Mijailovic, Zoran"]
[Black "Shundi, Matias"]
[Result "1/2-1/2"]
[WhiteElo "2332"]
[BlackElo "2223"]
[PlyCount "47"]
[EventDate "2023.06.22"]
[EventType "tourn"]
[EventRounds "9"]
[EventCountry "SRB"]
[EventCategory "1"]
[SourceTitle "CBM 215 Extra"]
[Source "ChessBase"]
[SourceDate "2023.09.30"]
[SourceVersion "1"]
[SourceVersionDate "2023.09.30"]
[SourceQuality "1"]

1. d4 Nf6 2. c4 g6 3. Nc3 d5 4. cxd5 Nxd5 5. g3 Bg7 6. Bg2 Nxc3 7. bxc3 c5 8. Nf3 Nc6 9. Be3 cxd4 10. Nxd4 0-0 11. 0-0 Bd7 12. Nxc6 Bxc6 13. Bxc6 bxc6 14. Qa4 Bxc3 15. Rac1 Qa5 16. Qxa5 Bxa5 17. Rxc6 Bb6 18. Bxb6 axb6 19. Rxb6 Rxa2 20. e3 Rc8 21. Rbb1 Rcc2 22. Rbc1 Re2 23. Rce1 Rec2 24. Rc1 1/2-1/2

[Event "Belgrade Radnicki IM 06"]
[Site "Belgrade"]
[Date "2023.06.25"]
[Round "5"]
[White "Saypuri, Srithan"]
[Black "Shundi, Matias"]
[Result "1/2-1/2"]
[WhiteElo "2175"]
[BlackElo "2223"]
[PlyCount "50"]
[EventDate "2023.06.22"]
[EventType "tourn"]
[EventRounds "9"]
[EventCountry "SRB"]
[EventCategory "1"]
[SourceTitle "CBM 215 Extra"]
[Source "ChessBase"]
[SourceDate "2023.09.30"]
[SourceVersion "1"]
[SourceVersionDate "2023.09.30"]
[SourceQuality "1"]

1. e4 c5 2. Nf3 d6 3. d4 cxd4 4. Nxd4 Nf6 5. Nc3 a6 6. Be2 e5 7. Nb3 Be7 8. Be3 Be6 9. Nd5 Nbd7 10. Qd3 0-0 11. 0-0 Bxd5 12. exd5 h5 13. a4 Ng4 14. Bc1 Bg5 15. h3 Bxc1 16. Rfxc1 Ngf6 17. a5 Re8 18. c4 b6 19. axb6 Qxb6 20. Ra2 Nc5 21. Nxc5 Qxc5 22. Rca1 Rab8 23. Rxa6 Rxb2 24. Rc6 Qb4 25. Bf1 g6 1/2-1/2

[Event "Belgrade Radnicki IM 06"]
[Site "Belgrade"]
[Date "2023.06.24"]
[Round "4"]
[White "Shundi, Matias"]
[Black "Djokic, Nenad"]
[Result "1-0"]
[WhiteElo "2223"]
[BlackElo "2235"]
[PlyCount "143"]
[EventDate "2023.06.22"]
[EventType "tourn"]
[EventRounds "9"]
[EventCountry "SRB"]
[EventCategory "1"]
[SourceTitle "CBM 215 Extra"]
[Source "ChessBase"]
[SourceDate "2023.09.30"]
[SourceVersion "1"]
[SourceVersionDate "2023.09.30"]
[SourceQuality "1"]

1. e4 e5 2. Nf3 Nc6 3. Bb5 a6 4. Ba4 Nf6 5. 0-0 Be7 6. Re1 b5 7. Bb3 d6 8. c3 0-0 9. h3 Nb8 10. d4 Nbd7 11. Nbd2 Bb7 12. Bc2 Re8 13. Nf1 Bf8 14. Ng3 g6 15. Bd2 c5 16. d5 c4 17. b4 cxb3 18. axb3 Rc8 19. Bd3 Nc5 20. Bf1 Qb6 21. Be3 Qc7 22. Qb1 Rb8 23. Rc1 Rec8 24. b4 Ncd7 25. c4 bxc4 26. Bxc4 Qd8 27. Bxa6 Rxc1+ 28. Bxc1 Bxa6 29. Rxa6 Qc8 30. Rc6 Qb7 31. Bd2 Ne8 32. Qc2 Be7 33. Qc4 f6 34. Qa6 Kf7 35. Kf1 Nc7 36. Qxb7 Rxb7 37. Ne1 Nb8 38. Rc1 Ke8 39. Nd3 Kd7 40. Ra1 Nb5 41. Ne2 Bd8 42. Be3 Ke8 43. Ke1 Nd7 44. f4 f5 45. fxe5 fxe4 46. Nf2 Nxe5 47. Nxe4 Kd7 48. Nf4 Be7 49. Ke2 Nc7 50. Ra7 Rxa7 51. Bxa7 g5 52. Nh5 Nxd5 53. b5 h6 54. Ng7 Nf4+ 55. Kf1 Nc4 56. Nf5 Bf8 57. Ne3 Nxe3+ 58. Bxe3 Nd5 59. Bd4 Be7 60. Ke2 h5 61. Kf3 Nf4 62. Bf6 Ne6 63. Bxe7 Kxe7 64. b6 g4+ 65. hxg4 hxg4+ 66. Kxg4 Nd8 67. Kf5 Kd7 68. g4 Nb7 69. g5 d5 70. Nf6+ Kc6 71. g6 Nd6+ 72. Ke6 1-0

[Event "Ecka Rain Band 1st"]
[Site "Ecka"]
[Date "2023.06.21"]
[Round "9.2"]
[White "Atalik, Suat"]
[Black "Shundi, Matias"]
[Result "1-0"]
[WhiteElo "2442"]
[BlackElo "2223"]
[PlyCount "121"]
[EventDate "2023.06.13"]
[EventType "schev"]
[EventRounds "9"]
[EventCountry "SRB"]
[SourceTitle "CBM 214 Extra"]
[Source "ChessBase"]
[SourceDate "2023.07.31"]
[SourceVersion "1"]
[SourceVersionDate "2023.07.31"]
[SourceQuality "1"]
[WhiteTeam "Team B"]
[BlackTeam "Team C"]
[WhiteTeamCountry "SRB"]
[BlackTeamCountry "SRB"]

1. d4 Nf6 2. c4 g6 3. Nc3 d5 4. cxd5 Nxd5 5. e4 Nxc3 6. bxc3 Bg7 7. Bc4 c5 8. Ne2 Nc6 9. Be3 0-0 10. 0-0 Bg4 11. f3 Na5 12. Bd3 cxd4 13. cxd4 Be6 14. Bf2 Bc4 15. Bxc4 Nxc4 16. Qa4 Nb6 17. Qb5 Qd7 18. Rfb1 Qxb5 19. Rxb5 f5 20. e5 Rfd8 21. Nf4 Kf7 22. a4 Bh6 23. Nd3 Rd5 24. Nc5 Nxa4 25. e6+ Kg7 26. Rxa4 b6 27. g3 bxc5 28. dxc5 Rd1+ 29. Kg2 Rd2 30. f4 g5 31. c6 gxf4 32. Rxf5 Rc8 33. Rf7+ Kg6 34. gxf4 Rd5 35. Ra3 Rxc6 36. Rg3+ Kh5 37. Rh3+ Kg6 38. f5+ Rxf5 39. Rxf5 Kxf5 40. Rxh6 a5 41. Rxh7 Kxe6 42. Rh5 a4 43. Ra5 Rc4 44. Kf3 Rc3+ 45. Ke4 a3 46. Bg3 Rb3 47. Kd4 Kf6 48. Kc4 Re3 49. Kb4 e5 50. Rxa3 Rxa3 51. Kxa3 e4 52. Kb3 Kf5 53. Kc2 Kg4 54. Kd2 Kf3 55. Ke1 Kg4 56. Kf2 Kh3 57. Ke3 Kg4 58. Kxe4 Kh3 59. Kf5 Kg2 60. Kg4 Kh1 61. h4 1-0

[Event "Ecka Rain Band 1st"]
[Site "Ecka"]
[Date "2023.06.17"]
[Round "5.1"]
[White "Shundi, Matias"]
[Black "Mushini, Ajay"]
[Result "0-1"]
[WhiteElo "2223"]
[BlackElo "2310"]
[PlyCount "106"]
[EventDate "2023.06.13"]
[EventType "schev"]
[EventRounds "9"]
[EventCountry "SRB"]
[SourceTitle "CBM 214 Extra"]
[Source "ChessBase"]
[SourceDate "2023.07.31"]
[SourceVersion "1"]
[SourceVersionDate "2023.07.31"]
[SourceQuality "1"]
[WhiteTeam "Team C"]
[BlackTeam "Team A"]
[WhiteTeamCountry "SRB"]
[BlackTeamCountry "SRB"]

1. e4 c5 2. Nf3 d6 3. d4 cxd4 4. Nxd4 Nf6 5. Nc3 a6 6. Be3 e5 7. Nb3 Be7 8. f3 Be6 9. Qd2 0-0 10. 0-0-0 a5 11. a4 Na6 12. Kb1 Nb4 13. Bb5 Rc8 14. g4 d5 15. g5 Ne8 16. Bxe8 Qxe8 17. exd5 Bf5 18. Na1 Rxc3 19. Qxc3 Qxa4 20. Qa3 Bxc2+ 21. Nxc2 Qxc2+ 22. Ka1 Nxd5 23. Qd3 Nb4 24. Qd7 Qc4 25. Kb1 Qa2+ 26. Kc1 Qa1+ 27. Kd2 Qxb2+ 28. Ke1 Nc2+ 29. Kf2 Nxe3+ 30. Kxe3 Bxg5+ 31. f4 Bxf4+ 32. Kf3 g6 33. h4 h5 34. Rhg1 Qh2 35. Qf5 Bh6 36. Qxh5 Qf4+ 37. Ke2 Qe3+ 38. Kf1 Qxg1+ 39. Kxg1 gxh5 40. Kf2 Ra8 41. Kf3 a4 42. Ke4 a3 43. Kf5 a2 44. Ra1 b5 45. Kxe5 Bg7+ 46. Kf5 Bxa1 47. Kg5 Bg7 48. Kxh5 a1Q 49. Kg5 Qe5+ 50. Kg4 Ra4+ 51. Kh3 Qc3+ 52. Kg2 Ra2+ 53. Kh1 Qa1# 0-1

[Event "Ecka Rain Band 1st"]
[Site "Ecka"]
[Date "2023.06.14"]
[Round "2.2"]
[White "Shundi, Matias"]
[Black "Korelskiy, Egor"]
[Result "1-0"]
[WhiteElo "2223"]
[BlackElo "2096"]
[PlyCount "67"]
[EventDate "2023.06.13"]
[EventType "schev"]
[EventRounds "9"]
[EventCountry "SRB"]
[SourceTitle "CBM 214 Extra"]
[Source "ChessBase"]
[SourceDate "2023.07.31"]
[SourceVersion "1"]
[SourceVersionDate "2023.07.31"]
[SourceQuality "1"]
[WhiteTeam "Team C"]
[BlackTeam "Team A"]
[WhiteTeamCountry "SRB"]
[BlackTeamCountry "SRB"]

1. e4 c5 2. Nf3 e6 3. d4 cxd4 4. Nxd4 a6 5. Bd3 Bc5 6. Nb3 Be7 7. 0-0 Nc6 8. f4 d6 9. Qe2 Qc7 10. Be3 Nf6 11. N1d2 0-0 12. a4 b6 13. g4 Bb7 14. g5 Nd7 15. Rf3 g6 16. Rh3 Nb4 17. Nd4 Nxd3 18. cxd3 Rfe8 19. Nf1 Nf8 20. Ng3 Qd7 21. Qg4 Bc8 22. Qh4 e5 23. Ndf5 gxf5 24. Nxf5 Qd8 25. Nh6+ Kg7 26. Qh5 Be6 27. f5 Bb3 28. Ra3 Ng6 29. f6+ Bxf6 30. Nf5+ Kf8 31. Qh6+ Kg8 32. Qxh7+ Kf8 33. gxf6 Re6 34. Qh6+ 1-0

[Event "Budapest Vezerkepzo IM-C 04"]
[Site "Budapest"]
[Date "2023.05.02"]
[Round "7"]
[White "Shundi, Matias"]
[Black "Joshua, AP."]
[Result "1/2-1/2"]
[WhiteElo "2145"]
[BlackElo "2283"]
[PlyCount "63"]
[EventDate "2023.04.25"]
[EventType "tourn"]
[EventRounds "9"]
[EventCountry "HUN"]
[SourceTitle "CBM 214 Extra"]
[Source "ChessBase"]
[SourceDate "2023.07.31"]
[SourceVersion "1"]
[SourceVersionDate "2023.07.31"]
[SourceQuality "1"]

1. e4 c6 2. d4 d5 3. e5 c5 4. Nf3 cxd4 5. Qxd4 Nc6 6. Qf4 e6 7. Bd3 Nb4 8. Bd2 Nxd3+ 9. cxd3 Ne7 10. Nc3 Ng6 11. Qg3 Bd7 12. h4 h5 13. a4 Qb6 14. 0-0 Be7 15. Ne2 Qa6 16. Ng5 Nxh4 17. Qxh4 Qxd3 18. Bb4 Bxb4 19. Qxb4 Qxe2 20. Qxb7 Rd8 21. Nf3 h4 22. Rfe1 Qc2 23. Rac1 Qe4 24. Qxa7 h3 25. Qd4 hxg2 26. Qxe4 dxe4 27. Nh2 Rb8 28. Rc7 Rb3 29. Kxg2 e3 30. Rd1 e2 31. Rdxd7 e1Q 32. Re7+ 1/2-1/2

[Event "Budapest Vezerkepzo IM-C 04"]
[Site "Budapest"]
[Date "2023.04.25"]
[Round "1"]
[White "Shundi, Matias"]
[Black "Vedant, Nitin Vekhande"]
[Result "1-0"]
[WhiteElo "2145"]
[BlackElo "2178"]
[PlyCount "49"]
[EventDate "2023.04.25"]
[EventType "tourn"]
[EventRounds "9"]
[EventCountry "HUN"]
[SourceTitle "CBM 214 Extra"]
[Source "ChessBase"]
[SourceDate "2023.07.31"]
[SourceVersion "1"]
[SourceVersionDate "2023.07.31"]
[SourceQuality "1"]

1. e4 c5 2. Nf3 d6 3. d4 cxd4 4. Nxd4 Nf6 5. Nc3 g6 6. Be3 Bg7 7. f3 0-0 8. Qd2 Nc6 9. 0-0-0 d5 10. Kb1 Nxd4 11. e5 Nf5 12. exf6 exf6 13. Bc5 d4 14. Bxf8 Qxf8 15. Nb5 Ne3 16. Re1 f5 17. f4 Qc5 18. c3 Nxf1 19. Re8+ Bf8 20. Qxd4 Qxd4 21. cxd4 Bd7 22. Rxa8 Bxb5 23. Rxa7 Bd3+ 24. Kc1 b5 25. Kd1 1-0

[Event "Chania Theodorakis Memorial 2nd"]
[Site "Chania"]
[Date "2023.04.20"]
[Round "6"]
[White "Shundi, Matias"]
[Black "Mikrut, Dariusz"]
[Result "1/2-1/2"]
[WhiteElo "2145"]
[BlackElo "2340"]
[PlyCount "98"]
[EventDate "2023.04.17"]
[EventType "swiss"]
[EventRounds "9"]
[EventCountry "GRE"]
[SourceTitle "EXT 2024"]
[Source "ChessBase"]
[SourceDate "2023.10.10"]
[SourceVersion "1"]
[SourceVersionDate "2023.10.10"]
[SourceQuality "1"]

1. e4 g6 2. d4 Bg7 3. Nc3 d6 4. Be3 a6 5. Qd2 b5 6. a3 Bb7 7. f3 Nd7 8. Nge2 Rc8 9. g4 c5 10. h4 Nb6 11. Ng3 cxd4 12. Bxd4 Bxd4 13. Qxd4 e5 14. Qe3 Qc7 15. Rh2 Ne7 16. 0-0-0 d5 17. exd5 Nbxd5 18. Nxd5 Nxd5 19. Qb3 e4 20. fxe4 Qf4+ 21. Rdd2 Qe3 22. Qxe3 Nxe3 23. Bh3 0-0 24. b3 Rc3 25. Kb2 Rfc8 26. Rd8+ Rxd8 27. Kxc3 Bc8 28. Re2 Nxg4 29. Rd2 Rxd2 30. Kxd2 Kf8 31. Kc3 Be6 32. Kd4 Ke7 33. Ne2 Kd6 34. c4 bxc4 35. bxc4 Nh2 36. e5+ Kd7 37. Bxe6+ fxe6 38. Ke4 Nf1 39. Kd3 Nh2 40. Ke3 h6 41. Nf4 g5 42. hxg5 hxg5 43. Nd3 Kc6 44. Nb4+ Kb6 45. Nd3 a5 46. Kf2 Ng4+ 47. Kf3 Nh6 48. a4 Kc6 49. Kg3 Kb6 1/2-1/2

[Event "Reykjavik op"]
[Site "Reykjavik"]
[Date "2023.03.29"]
[Round "1"]
[White "Shundi, Matias"]
[Black "Stefansson, Hannes"]
[Result "0-1"]
[WhiteElo "2145"]
[BlackElo "2510"]
[PlyCount "94"]
[EventDate "2023.03.29"]
[EventType "swiss"]
[EventRounds "9"]
[EventCountry "ISL"]
[SourceTitle "CBM 213 Extra"]
[Source "ChessBase"]
[SourceDate "2023.05.31"]
[SourceVersion "1"]
[SourceVersionDate "2023.05.31"]
[SourceQuality "1"]

1. e4 c6 2. d4 d5 3. e5 Bf5 4. h4 h5 5. Bd3 Bxd3 6. Qxd3 Qa5+ 7. Nd2 e6 8. Ngf3 Nh6 9. 0-0 Nf5 10. c4 Be7 11. g3 dxc4 12. Nxc4 Qd5 13. Rd1 Nd7 14. Ng5 c5 15. dxc5 Qxd3 16. Rxd3 Nxc5 17. Rd1 0-0 18. Bd2 Rfc8 19. b3 b5 20. Ne3 Nd4 21. Be1 Bxg5 22. Rxd4 Bxe3 23. fxe3 Na6 24. Rad1 Rc2 25. R1d2 Rac8 26. Rd8+ Kh7 27. Kf2 Rxd2+ 28. Rxd2 Rc1 29. Ke2 Nb8 30. Rd1 Rc2+ 31. Rd2 Rc5 32. Rd8 Nc6 33. Rd7 Kg6 34. Bd2 a6 35. b4 Rc2 36. a3 Nxe5 37. Kd1 Nxd7 38. Kxc2 Kf5 39. Kd3 Ne5+ 40. Ke2 Ke4 41. Bc3 f6 42. Bb2 Nc4 43. Bc1 f5 44. Bd2 Nxd2 45. Kxd2 Kf3 46. Kd3 e5 47. Kd2 Kxg3 0-1

[Event "Charlotte Carolinas op"]
[Site "Charlotte"]
[Date "2021.06.20"]
[Round "5"]
[White "Sriniaiyer, Sudarshan"]
[Black "Shundi, Matias"]
[Result "1/2-1/2"]
[WhiteElo "2038"]
[BlackElo "1806"]
[PlyCount "103"]
[EventDate "2021.06.18"]
[EventType "swiss"]
[EventRounds "5"]
[EventCountry "USA"]
[SourceTitle "CBM 203 Extra"]
[Source "ChessBase"]
[SourceDate "2021.09.30"]
[SourceVersion "1"]
[SourceVersionDate "2021.09.30"]
[SourceQuality "1"]

1. d4 Nf6 2. c4 c6 3. Nf3 d5 4. Qc2 dxc4 5. Qxc4 Bf5 6. g3 e6 7. Bg2 Be7 8. 0-0 0-0 9. Rd1 Nbd7 10. e3 a5 11. Qe2 a4 12. a3 Qa5 13. Nc3 Ne4 14. Bd2 Nxd2 15. Nxd2 Bc2 16. Rdc1 Bg6 17. Nc4 Qa6 18. e4 Nb6 19. Ne5 Rfd8 20. Rd1 Bf6 21. Nxg6 hxg6 22. e5 Qxe2 23. Nxe2 Be7 24. Rac1 Ra5 25. Nc3 Nc4 26. Rb1 Ra7 27. Bf1 Nb6 28. Rbc1 Ra5 29. Be2 Kf8 30. Kg2 Ke8 31. f4 Nd5 32. Kf3 Nxc3 33. Rxc3 Kd7 34. Ke3 Kc7 35. h4 Kb6 36. Bc4 Raa8 37. Rc2 Rh8 38. Be2 Kc7 39. Bf3 Kd7 40. Rh1 Rac8 41. Rc4 Ra8 42. Bd1 b5 43. Rc2 Ra6 44. Bf3 Rb8 45. Rhc1 Rbb6 46. Bg4 Ra7 47. h5 gxh5 48. Bxh5 g6 49. Bf3 Raa6 50. g4 b4 51. axb4 Bxb4 52. Rc4 1/2-1/2

[Event "Charlotte Carolinas op"]
[Site "Charlotte"]
[Date "2021.06.19"]
[Round "3"]
[White "Adewumi, Tanitoluwa"]
[Black "Shundi, Matias"]
[Result "0-1"]
[WhiteElo "1812"]
[BlackElo "1806"]
[PlyCount "102"]
[EventDate "2021.06.18"]
[EventType "swiss"]
[EventRounds "5"]
[EventCountry "USA"]
[SourceTitle "CBM 203 Extra"]
[Source "ChessBase"]
[SourceDate "2021.09.30"]
[SourceVersion "1"]
[SourceVersionDate "2021.09.30"]
[SourceQuality "1"]

1. d4 Nf6 2. Bf4 c5 3. e3 Qb6 4. Nc3 Qxb2 5. Nb5 Nd5 6. Rb1 Qxa2 7. Ra1 Qb2 8. Rb1 Qa2 9. dxc5 a6 10. Ra1 Qb2 11. Nf3 Nxf4 12. exf4 Qb4+ 13. c3 Qxc5 14. Qd4 Qxd4 15. cxd4 Kd8 16. Ne5 Rg8 17. Nxf7+ Ke8 18. Ne5 Kd8 19. Nf7+ Ke8 20. Nc7+ Kxf7 21. Nxa8 b5 22. Nb6 Bb7 23. Rc1 Nc6 24. Nxd7 Nxd4 25. Bd3 Bxg2 26. Ne5+ Kf6 27. Rg1 Nf3+ 28. Ke2 Nxg1+ 29. Rxg1 Bd5 30. Bxh7 Rh8 31. Rg6+ Kf5 32. Rxg7+ Kf6 33. Rg6+ Kf5 34. Rh6+ Kxf4 35. Rh5 Be4 36. Nd3+ Kg4 37. Re5 Bf3+ 38. Ke3 Bh6+ 39. Kd4 Rxh7 40. Re6 Kf5 41. Re5+ Kf6 42. Rc5 e6 43. Ne5 Bd5 44. Nd3 Bf8 45. Rc8 Rh4+ 46. f4 Bd6 47. Rg8 Kf7 48. Rg1 Rxh2 49. Rf1 Bc4 50. Rf2 Rxf2 51. Nxf2 Bxf4 0-1